Business benchmark: pre-intermediate to intermediate, student's book
Salvato in:
| Autore principale: | |
|---|---|
| Natura: | Libro |
| Lingua: | inglese |
| Pubblicazione: |
Cambridge
Cambridge University
2006
|
| Edizione: | 1a. ed |
| Serie: | BEC Preliminary
|
| Soggetti: | |
| Tags: |
Aggiungi Tag
Nessun Tag, puoi essere il primo ad aggiungerne!!
|
MARC
| LEADER | 00000cam a2200000 a 4500 | ||
|---|---|---|---|
| 001 | UCF1236 | ||
| 003 | CL-VaPUC | ||
| 008 | 120629e20060000UK |||||||||||||||||eng|d | ||
| 020 | |a 9780521571170 | ||
| 082 | 0 | 4 | |a 428 |b WHI |2 21 |
| 100 | 0 | |a Whitby, Norman |e author |9 562834 | |
| 245 | 1 | 0 | |a Business benchmark: pre-intermediate to intermediate, student's book |
| 250 | |a 1a. ed | ||
| 300 | |a 183 p | ||
| 942 | |c BK | ||
| 945 | |d 20120629 00:00:00 |a cmena | ||
| 260 | |a Cambridge |b Cambridge University |c 2006 | ||
| 650 | 0 | |a Enseñanza del inglés |9 367340 | |
| 650 | 0 | |a Inglés comercial |9 323356 | |
| 650 | 0 | |a Métodos de enseñanza |9 270413 | |
| 650 | 0 | |a Libros de texto |9 270019 | |
| 650 | 7 | |a ENSEÑANZA PROGRAMADA |2 CL-VaPUC |9 263217 | |
| 583 | |a last modification |c 20120629 12:35:00 |k Rodrigo Vera | ||
| 490 | 0 | |a BEC Preliminary | |
| 999 | |c 348126 |d 348124 | ||
| 952 | |0 0 |1 2 |4 0 |6 428_000000000000000_WHI_2006 |7 0 |8 A |9 450016 |a BIBGIM |b BIBGIM |d 2019-11-22 |i 4879325 |o 428 WHI 2006 |p 4879325 |r 2019-11-22 |w 2019-11-22 |y BK |k COM | ||